000 00759nja a2200217 a 4500
003 BLK
005 20241005005452.0
008 180414c bul|r|ner|||| 00| c0bul d
010 _aNOT00000156001
040 _aBLK
700 _aMozart, Wolfgang Amadeus
_d1756 - 1791
_9386874
700 _aМоцарт, Волфганг Амадеус
_d1756 - 1791
_9368558
245 1 0 _aСимфония №31
_bре мажор : D-Dur
_c Wolfgang Amadeus Mozart; Волфганг Амадеус Моцарт.
_sKV 297 ( 300 )
257 _aAUT
380 _a7
773 _0296710
_9647085
_tЧетыре симфонии
852 _aЦб М 1454
942 _cNOT
_n0
944 _aCR
_c06.10.2003
_k
_lCRON CRON
944 _aED
_c21.09.2017
_kИрена_Линкова
999 _c296711
_d296711